000 00913nam a2200181 4500
999 _c63829
_d63829
003 Ge_BSU
005 20260129155209.0
008 260129s1971 ge ||||| |||| 00| 0 geo d
041 _ageo
080 _a336.77:69 349 შ-48
100 _aშენგელია, რომან
_926758
245 _aინდივიდუალური ბინათმშენებლობის დაკრედიტების სამართლებრივი საკითხები /
_cრომან შენგელია.
264 _aთბილისი :
_bთბილ. უნ-ტის გამ-ბა,
_c1971.
300 _a159 გვ. ;
_b20 სმ.
653 _aბინათმშენებლობის დაკრედიტება
653 _aსსრ კავშირის საბინაო სამართალი.
942 _2udc
_cᲬᲘᲒᲜᲘ